000 01946nam a2200385 c 4500
001 59417
003 CO-BoRNBP
005 20251008223706.0
007 ta
008 250130s2024 ck a|||dr||| 000 0jdspa d
020 _a9786289604054
040 _aCO-BoRNBP
_bspa
_erda
_cCO-BoRNBP
041 1 _aspa
043 _as-ck---
084 _aH
100 _aÁlvarez, Lorena,
_eaut
_965531
245 1 0 _aLuces nocturnas /
_cLorena Álvarez ; traducción Gonzalo Quesada.
250 _aEdición especial
264 1 _aBogotá, Colombia :
_bCicerón,
_c2025
300 _a54 páginas :
_bilustraciones a color
336 _atexto
_btxt
_2rdacontenido
337 _asin mediación
_bn
_2rdamedio
338 _avolumen
_bnc
_2rdasoporte
520 _aTodas las noches aparecen luces diminutas en el cuarto de Sandy. Las atrapa y crea criaturas maravillosas con las que juega hasta que se duerme, y por la mañana les devuelve la vida en sus extravagantes dibujos. Cuando en su colegio aparece una misteriosa niña, alguien se fija por primera vez en los dibujos de Sandy. Pero la fascinación de Morfie con su talento pronto se convierte en algo mucho más siniestro. De la cautivadora imaginación de la colombiana Lorena Alvarez brota Luces nocturnas, una hermosa historia sobre el miedo, la inseguridad y la creatividad
521 _aRecomendado para un público mayor de 12 años
545 _aIncluye datos biográficos de la autora
650 0 7 _aAutoaceptación en niños en la literatura
_2lemb
_965532
650 0 7 _aImaginación en niños en la literatura
_2lemb
_965533
650 0 7 _aMiedos infantiles en la literatura
_2lemb
_965534
650 0 4 _aTiras cómicas, historietas, etc. infantiles colombianas
_ySiglo XXI
_2LEMB
_965535
650 0 4 _aLiteratura infantil colombiana
_ySiglo XXI
_2LEMB
_9966
700 _aQuesada, Gonzalo
_etrl
_936378
830 _aPlan Nacional de lectura y escritura leer es mi cuento
942 _2loc
_cBKLITI
999 _c59417
_d59417